| 000 | 00964nam a2200277 a 4500 | ||
|---|---|---|---|
| 001 | BRCA_234 | ||
| 003 | FranzMayer | ||
| 005 | 20220809135509.0 | ||
| 008 | 890419s1988 mx-a---##b---#001-0#eng-# | ||
| 020 | _a9687193042 | ||
| 040 |
_aDLC _cDLC _dDLC |
||
| 041 | _aengspa | ||
| 050 | 4 |
_aF1386.6 _b.C43 1988 |
|
| 245 | 1 | 0 |
_aChapultepec _bhistoria y presencia _ceditor Mario de la Torre ; investigación histórica y textos Miguel Angel Fernández. |
| 260 |
_aMéxico _bSmurfit Cartón y Papel de México _c1988 |
||
| 300 |
_a211 p. _bil. (algunas a color) _c32 cm. |
||
| 440 | 0 |
_aColección CPM [Cultura y Pasado de México] _9764 |
|
| 500 | _aUbicación de CONT9996: L59-N5 | ||
| 500 | _aIncluye índice onomástico | ||
| 504 | _aBibliografía: p. 205-207 | ||
| 546 | _aTexto en español e inglés | ||
| 651 | 4 |
_aChapultepec _xHistoria _zCiudad de México _9812 |
|
| 700 | 1 |
_aTorre, Mario de la _9813 |
|
| 700 | 1 |
_aFernández, Miguel Angel _9814 |
|
| 942 |
_2lcc _cB |
||
| 999 |
_c191 _d191 |
||